Juan Francisco González. Una nueva expresión creativa.

Salvato in:
Dettagli Bibliografici
Ente Autore: Origo Ediciones (Redattore)
Natura: Libro
Lingua:inglese
Pubblicazione: Santiago, Chile: Origo, 2008.
Serie:Colección de Grandes Pintores Chilenos del Siglo XIX.
Soggetti:
Tags: Aggiungi Tag
Nessun Tag, puoi essere il primo ad aggiungerne!!

MARC

LEADER 00000nam a22000007a 4500
003 CL-VaPUC
005 20220822114452.0
008 220603b2008 ||||| |||| 00| 0 eng d
999 |c 435770  |d 435768 
020 |a 978-956-316-019-2 
040 |c Pontificia Universidad Católica de Valparaíso 
082 7 |a 759.983 ORI 2008  |2 22 
110 |a Origo Ediciones   |e editor  |9 870134 
245 |a Juan Francisco González.  |b Una nueva expresión creativa. 
260 |a Santiago, Chile:  |b Origo,   |c 2008. 
300 |a 96 páginas;   |b ilustraciones a color.  
490 |a Colección de Grandes Pintores Chilenos del Siglo XIX.  
500 |a c.1 Donación Familia Prof. Alejandro Guzmán Brito. 
583 |c 20220603  |k Cristina María Rojas Aguilar 
600 |a Gonzalez, Juan Francisco  |d 1853-1933  |9 870135 
650 |a Pintores chilenos  |y Siglo 19  |9 870136 
650 |a Pintura chilena   |y Siglo 19  |9 870137 
942 |2 ddc  |c BK  |n 0 
952 |0 0  |1 0  |2 ddc  |4 0  |6 759_983000000000000_ORI_2008  |7 1  |8 C_AGB  |9 583371  |a BIBDER  |b BIBDER  |d 2022-06-03  |e Donación   |i 5651501  |o 759.983 ORI 2008  |p 5651501  |r 2023-01-25  |t 1  |w 2022-06-03  |y BK_US  |k AGB